| 000 | 01450nam0a22003371 4500 | ||
|---|---|---|---|
| 001 | RU\NLR\BIBL_A\022297622 | ||
| 005 | 20260408084129.0 | ||
| 035 | _a(NLR Aleph) 022297622 | ||
| 090 |
_a13240200 _c13240200 |
||
| 100 | _a20240812d1813 |||y0rusy50 ca | ||
| 101 | 0 | _arus | |
| 102 | _aRU | ||
| 105 | _ach z |||a| | ||
| 181 | 0 |
_ai _baxxe |
|
| 182 | 0 | _an | |
| 200 | 1 |
_aMaximes et réflexions morales du duc de La Rochefoucauld _fornées de son portrait, gravé d'après Petitot, par P.-P. Choffard et d'un modèle de son écriture par Miller |
|
| 203 |
_aТекст _bвизуальный _cнепосредственный |
||
| 205 | _aNouvelle éd. | ||
| 210 |
_aParis _cBlaise et Pichard _d1813 |
||
| 317 |
_aЭкз. РНБ (19/132): Из Библиотеки Издательства "Всемирная литература" _5NLR: 19/132 |
||
| 700 | 1 |
_8fre _7ba _aLa Rochefoucauld _bF. de _f1613-1680 _gFrançois de _3RU\NLR\AUTH\7783023 _965951 |
|
| 712 | 0 | 2 |
_4390 _a"Всемирная литература", издательство _cЛенинград _bБиблиотека _3RU\NLR\AUTH\8810182036 _9860693 |
| 801 | 0 |
_aRU _bNLR |
|
| 801 | 1 |
_aRU _bNLR _2rusmarc |
|
| 830 | _aЭкз. "Всемирной лит." описан по карточке каталога Отделения "Б-ка всемирной лит." | ||
| 852 |
_aNLR _j19/132 |
||
| 942 | _cBOOK | ||
| 980 | _aNB | ||
| 980 | _aWL | ||